00876ngm a2200229 a 450000500170000000800410001708200190005824500560007725000190013330000630015249000390021550000910025465000680034570000330041394200200044626400420046633600270050833700330053533800280056804000350059699900150063120220317001302.0160825s1978 ck g 000 0 spa 04a791.436bM14ga10aGamíncdirección Ciro Duránhvideograbación a1a. edición  a1 videocasete en VHS (110 minutos)bsonido, color c20 cm  aLa maletappelículas colombianas aLa película pertenece a la colección La Maleta. Dirigida para un público adulto.142LEMBaPelículas cinematográficas colombianasvVideocasetes  aDurán, Cirod1937- 968742 2ddccVIDEOCASET aBogotábMinisterio de Culturac1978 atextobtxt2rdacontent asin mediaciónbn2rdamedia avolumenbnc2rdacarrier aCO-BoRNBPbspaerdacCO-BoRNBP c6494d6494